| 000 | 00489nam a2200169 i 4500 | ||
|---|---|---|---|
| 001 | 51443 | ||
| 003 | ES-MaACL | ||
| 005 | 20230906162349.0 | ||
| 007 | t| | ||
| 008 | 030813s1971 sp ||||1| spa d | ||
| 100 | 1 |
_aDalet, F. _942478 |
|
| 245 | 1 | 0 |
_aManual sobre el empleo de antibióticos y quimioterápicos / _cF. Dalet, G. del Rio. |
| 260 |
_aBarcelona : _bEco, _c1971. |
||
| 300 |
_a111 p. ; _c21 cm. |
||
| 700 | 1 |
_aRío, Gerardo del. _9144734 |
|
| 852 |
_aES-MaACL _jC-49527 _bR.83056 |
||
| 999 |
_c51443 _d51443 |
||